| 000 | 00773cam a22001935a 4500 | ||
|---|---|---|---|
| 001 | L140704 | ||
| 008 | 071005s1936 xxk eng u | ||
| 035 | _a(Sirsi) u140704 | ||
| 041 | 0 | _aeng | |
| 110 | 2 |
_aWalker, Walton and Hanson _95375 |
|
| 245 | 0 | 0 |
_aRearsby, Leicestershire...sale of valuable freehold grass land _bparticulars of three freehold fields of rich accommodation grass land...to be sold by auction by Walker, Walton and Hanson at the Bell Hotel, Melton Mowbray on Tuesday 17th November 1936... |
| 260 |
_aS.l. _bs.n. _c[1936] |
||
| 300 |
_a1 sheet _b33 cm. x 20 cm. |
||
| 340 | _aPrinted | ||
| 351 | _cSingle item | ||
| 651 | 4 | _aNottinghamshire | |
| 690 | _aPROPERTY-PROPERTY ACQUISITION AND DISPOSAL-ACQUISITION AND DISPOSAL AT AUCTION | ||
| 942 | _n0 | ||
| 999 |
_c116439 _d116439 |
||